000
00339pam a2200157a 44500
008
230515b1977 xxu||||| |||| 00| 0 eng d
020
_a
NULL
041
_a
ENGLISH
082
_a
630
100
_a
4071-1967
245
_a
SPECIFICATION FOR MASTER GEARS
250
_a
0
260
_a
DELHI
_b
ISI
_c
1977
300
_a
23
650
_a
NULL
999
_c
652138
_d
652138